000 00667nam a2200241 i 4500
001 C2-0307145
003 PPAK
005 20180728093808.0
008 110109s2009 my |||| ||||| | may d
020 _a9789834021221
040 _aPPAK
_beng
_cPPAK
_erda
082 0 4 _a297.382
_223
090 0 0 _a297.382
_bRIS
_dG
245 0 0 _aRisalah wirid & doa selepas solat
264 1 _aJohor Bahru, Johor :
_bPustaka Azhar ,
_c2009
300 _aii, 185 pages ;
_c19 cm
336 _2rdacontent
_atext
337 _2rdamedia
_aunmediated
338 _2rdacarrier
_avolume
650 1 0 _aPrayer - Islam.
700 0 _aMuhammad Aizat Farhan,
_ecompile
942 _ddc
_cB
999 _c109930
_d109930